| 000 | 00422nam a2200181Ia 4500 | ||
|---|---|---|---|
| 008 | 230524s9999 xx 000 0 und d | ||
| 020 | _a978818371852 | ||
| 082 |
_a540 _bDAS |
||
| 100 | _aU.N.Dash | ||
| 245 | 0 | _aEngineering Chemistry | |
| 250 | _aIST | ||
| 260 |
_aCHENNAI _bScitech _c2009 |
||
| 300 | _aXIV;845 | ||
| 500 | _aQuantity Number: 100 | ||
| 650 | _aChemistry | ||
| 700 | _a Sujata Mishra | ||
| 942 | _cBK | ||
| 999 |
_c42827 _d42827 |
||